LEADER 00826nam0-22003011i-450- 001 990002035330403321 005 20021010 035 $a000203533 035 $aFED01000203533 035 $a(Aleph)000203533FED01 035 $a000203533 100 $a20021010d--------km-y0itay50------ba 101 0 $aita 200 1 $a<>nashornkafer (Oryctes nasicornis L.).$fHans Henschel 210 $aWittenberg Lutherstadt$cA. Ziemsen$d1962 215 $a77 p.$d21 cm 610 0 $aColeotteri 610 0 $aScarabeidi 676 $a595.7649 700 1$aHenschel,$bHans$086516 801 0$aIT$bUNINA$gRICA$2UNIMARC 901 $aBK 912 $a990002035330403321 952 $a61 V B.6/05$b2531 (13/3/67)$fDAGEN 959 $aDAGEN 996 $aNashornkafer (Oryctes nasicornis L.)$9404482 997 $aUNINA DB $aING01 LEADER 03617nam 2200577 450 001 9910792704403321 005 20230809223813.0 010 $a3-11-049769-7 010 $a3-11-049951-7 024 7 $a10.1515/9783110499513 035 $a(CKB)3710000001177232 035 $a(MiAaPQ)EBC4843242 035 $a(DE-B1597)470513 035 $a(OCoLC)984647844 035 $a(DE-B1597)9783110499513 035 $a(Au-PeEL)EBL4843242 035 $a(CaPaEBR)ebr11375541 035 $a(CaONFJC)MIL1006399 035 $a(OCoLC)983736293 035 $a(EXLCZ)993710000001177232 100 $a20170505h20172017 uy 0 101 0 $aeng 135 $aurcnu|||||||| 181 $2rdacontent 182 $2rdamedia 183 $2rdacarrier 200 10$aAnother road to Damascus $ean integrative approach to 'Abd al-Qadir al-Jaza'iri (1880-1883) /$fTom Woerner-Powell 210 1$aBerlin, [Germany] ;$aBoston, [Massachusetts] :$cDe Gruyter,$d2017. 210 4$dİ2017 215 $a1 online resource (260 pages) 311 $a3-11-050055-8 311 $a3-11-049699-2 320 $aIncludes bibliographical references and indexes. 327 $tFrontmatter -- $tContents -- $tForeword -- $tIntroduction -- $t1.0 Chapter One - S?rah Sayfiyyah: ?Abd al-Q?dir in North Africa, 1833-1848 -- $t2.0 Chapter Two - ?Abd al-Q?dir's Ris?lah on Hijrah -- $t3.0 Chapter Three - Exile and Imprisonment on the Road to Damascus; 1848-1852 -- $t4.0 Chapter Four - From Istanbul to Damascus, 1853-1864 -- $t5.0 Chapter Five - S?rah ??fiyyah: Sufism, Suspicion, and the Kit?b al-Maw?qif; 1864-1883 -- $t6.0 Conclusion -- $tAfterword -- $tBibliography - Archival Sources -- $tAppendix A - ?Abd al-Q?dir's Ris?lah on Hijrah -- $tAppendix B - ?Abd al-Q?dir's Mawqif #254 ('He Is [Like] That') -- $tIndex -- $tAuthor Index 330 $aThis text challenges existing writing on 'Abd al-Q?dir al-Jaz?'ir? which divides his life into two juxtaposed phases separated by narratives of conversion: from Francophobia to Francophilia, from militarism to pacifism, from activism to quietism, from Islamism to pluralism, from politics to religion. This work's interdisciplinary approach demonstrates that these narratives cannot be sustained in light of the evidence. Rather, they can be shown to originate in specific historical, cultural, and methodological tendencies within western societies and academies. Drawing on primary materials including archival documents and selections from his own writing, it constructively critiques his reception in the literature while advancing a continuous and contextualised account of his life and ideas. These include the relating of his ethico-religious and jurisprudential concerns to his political decision-making, and a resituating of his mystical writings within a definite moral, epistemological, and political context. By problematising these interpretive issues, this thesis aims at opening new avenues for understanding even as it offers its own solutions. In so doing, this study contributes to discussions on Sufism, political Islam, and east-west relations. 606 $aPoliticians$zAlgeria$vBiography 606 $aIslam$zAfrica, North$xHistory 610 $aIntercultural. 610 $aPolitical Islam. 610 $aSufism. 615 0$aPoliticians 615 0$aIslam$xHistory. 676 $a965.03092 700 $aWoerner-Powell$b Tom$01516150 801 0$bMiAaPQ 801 1$bMiAaPQ 801 2$bMiAaPQ 906 $aBOOK 912 $a9910792704403321 996 $aAnother road to Damascus$93752410 997 $aUNINA LEADER 04518nam 2200625Ia 450 001 9910786250003321 005 20230126210233.0 010 $a1-4438-4636-8 035 $a(CKB)2670000000341157 035 $a(EBL)1133075 035 $a(OCoLC)830168281 035 $a(SSID)ssj0000855753 035 $a(PQKBManifestationID)11440440 035 $a(PQKBTitleCode)TC0000855753 035 $a(PQKBWorkID)10791784 035 $a(PQKB)10278435 035 $a(MiAaPQ)EBC1133075 035 $a(Au-PeEL)EBL1133075 035 $a(CaPaEBR)ebr10677099 035 $a(CaONFJC)MIL495893 035 $a(OCoLC)822894047 035 $a(FINmELB)ELB147758 035 $a(EXLCZ)992670000000341157 100 $a20130206d2013 uy 0 101 0 $aeng 135 $aur|n|---||||| 181 $ctxt 182 $cc 183 $acr 200 00$aApplied social sciences$b[electronic resource] $esocial Work /$fedited by Patricia-Luciana Runcan, Georgeta Rata and Stefan Cojocaru 210 $aNewcastle upon Tyne, UK $cCambridge Scholars Publishing$dc2013 215 $a1 online resource (301 p.) 300 $aDescription based upon print version of record. 311 $a1-4438-4329-6 320 $aIncludes bibliographical references. 327 $aTABLE OF CONTENTS; LIST OF TABLES; LIST OF ILLUSTRATIONS; FOREWORD; CHAPTER ONE; NEW DIRECTIONS IN SOCIAL PHILANTHROPY; UNEMPLOYMENT; HISTORY OF SOCIAL WORK IN BANAT AND TRANSYLVANIA; UNDERSTANDING SUPERVISION BY SOCIAL WORKERS; SOCIAL CONSTRUCTIONISM APPLIED IN SOCIAL WORK; WHICH MIGRATION THEORY MIGHT BETTER FRAME MEDICAL MIGRATION?; SOCIAL WORK COUNSELLING; COMMUNICATION IN SOCIAL WORKERS' PROFESSIONAL ORGANISATIONS; DEVELOPING EVIDENCE-BASED PRACTICE QUESTIONNAIRES; PSYCHOLOGY OF PLACE; SUBJECTIVE PERCEPTION OF THE QUALITY OF LIFE AMONG RURAL INHABITANTS 327 $aQUALITY ASSESSMENT OF SOCIAL SERVICES PROVIDED BY EXPERTS FROM THE D.G.A.S.P.C. IASI (ROMANIA)THE ROLE OF THE SCHOOL SOCIAL WORKER IN PREVENTING SCHOOL VIOLENCE; CHANCE, HAZARD AND RISK IN SOCIAL WORK; INEQUITY FACTORS AND MECHANISMS IN VULNERABLE GROUPS' ACCESS TO HEALTHCARE SERVICES; BURNOUT AMONG SOCIO-MEDICAL SERVICES PROFESSIONALS; THE RELATION BETWEEN WORKAHOLISM AND WORK ENGAGEMENT; CHAPTER TWO; ANALYSIS OF THE PROTECTION SYSTEM OF CHILDREN'S RIGHTS BASED ON THE AUDIT OF SOCIAL SERVICES FOR CHILDREN FROM ROMANIA; NEW PERSPECTIVES IN JUVENILE OFFENDER REHABILITATION 327 $aATTACHMENT AMONG CHILDREN AND YOUTH IN LONG-TERM FOSTER CAREELEMENTS OF CLINICAL SOCIOLOGY OF INTERVENTION IN CHILD PROTECTION; COMMUNITY HEALTH ASSISTANCE; LINKING FUNDAMENTAL RESEARCH WITH SOCIAL WORK PRACTICE; PHYSICAL, PSYCHOLOGICAL ABUSE AND POSITIVE DISCIPLINE METHODS USED BY PARENTS IN ROMANIA; VULNERABILITY AND SOCIAL PROTECTION; SOCIAL INCLUSION OF YOUNG PEOPLE THROUGH EMPLOYMENT IN THE F.Y.R.O.M.; SOCIAL POLICY AND QUALITY OF LIFE AMONG SINGLE-PARENT FAMILIES IN ROMANIA; PSYCHOLOGICAL WELL-BEING AND PROFESSIONS; ELEMENTS OF SOCIAL ECOLOGY OF THE FAMILY 327 $aQUALITY AND COST STANDARDS OF SOCIAL SERVICES PROVIDED IN PRIVATE CARE HOMES FOR THE ELDERLYSYSTEMIC APPROACH TO INTERVENTION IN FAMILIES IN NEED; CONSEQUENCES OF EMOTIONAL NEGLECT ON CHILD DEVELOPMENT; RETIREMENT EFFECTS IN THE TRANSITION PERIOD IN ROMANIA; EFFECTS OF PARENTS' MIGRATION ON CHILDREN LEFT BACK HOME; A STEP FORWARD TO THE BETTER SOCIAL INCLUSION OF DELINQUENT YOUTH; COPING STRATEGIES AND THE EXPERIENCE OF WORK-FAMILY CONFLICT; CONTRIBUTORS; INTERNATIONAL PEER-REVIEW FOR THIS VOLUME 330 $aThis book, Applied Social Sciences: Social Work, is a collection of essays specific to the field of social work. The approach is both holistic (assessment of social work, burnout, counselling, history of social work, migration, models of excellence in social work, unemployment, workaholism) and atomistic (child attachment, children's rights, coping strategies and associated work - family conflict, emotional neglect, monoparental families, physical abuse, positive child disciplining, psycholog... 606 $aSocial service 606 $aHuman services 615 0$aSocial service. 615 0$aHuman services. 676 $a361.32 701 $aRuncan$b Patricia-Luciana$f1977-$0785612 701 $aRata$b Georgeta$0884801 701 $aCojocaru$b Stefan$01552642 801 0$bMiAaPQ 801 1$bMiAaPQ 801 2$bMiAaPQ 906 $aBOOK 912 $a9910786250003321 996 $aApplied social sciences$93812684 997 $aUNINA